000 01275nam0a2200313 4500
001 RU\NLR\bibl\933739
005 20260406134032.0
010 _a5-224-05336-6
_94000
021 _aRU
_b2006-12166
_9595
035 _a(NLR Aleph) 000921944
090 _a105395
_c105395
100 _a20060417d2006 |||y0rusy50 ca
101 0 _arus
102 _aRU
105 _aac |||||||||
200 1 _aЗвездные корабли
_e[для среднего и старшего школьного возраста]
_fИван Ефремов
_g[худож. Виктор Пуховский]
210 _aМосква
_cОЛМА-ПРЕСС
_d2006
215 _a411, [2] с., [8] л. ил., цв. ил., портр.
_cил.
_d27
225 1 _aСобрание сочинений
_vт. 2
327 1 _aСодерж.: Звездные корабли: повесть; Туманность Андромеды: роман
686 _aШ9(2)62=Р7-4
700 1 _4070
_7ca
_8rus
_aЕфремов
_bИ. А.
_f1907-1972
_gИван Антонович
_9112140
_3RU\NLR\auth\772123
801 0 _aRU
_bNLR
_c20060417
_grcr
801 1 _aRU
_bNLR
_c20060417
942 _cBOOK
980 _aNB